书目信息 |
| 题名: |
卫星移动通信
|
|
| 作者: | 全庆一 编著 | |
| 分册: | ||
| 出版信息: | 北京 北京邮电大学出版社 2000 |
|
| 页数: | 187页 | |
| 开本: | 23cm | |
| 丛书名: | 现代移动通信应用技术丛书 | |
| 单 册: | ||
| 中图分类: | TN927 | |
| 科图分类: | ||
| 主题词: | 卫星通信--移动通信 , 卫星通信 , 移动通信 | |
| 电子资源: | ||
| ISBN: | 7-5635-0467-2 | |
| 000 | 00928oam2 2200289 450 | |
| 001 | 012007938941 | |
| 005 | 20070517115230.85 | |
| 010 | @a7-5635-0467-2@dCNY21.00 | |
| 100 | @a20070512d2000 km y0chiy0120 ea | |
| 101 | 0 | @achi |
| 102 | @aCN@b110000 | |
| 105 | @ay z 000yy | |
| 106 | @ar | |
| 200 | 1 | @a卫星移动通信@Awei xing yi dong tong xin@f全庆一等编著@Fquan qing yi deng bian zhu |
| 210 | @a北京@c北京邮电大学出版社@d2000 | |
| 215 | @a187页@d23cm | |
| 225 | 2 | @a现代移动通信应用技术丛书 |
| 304 | @a其他编著还有:廖建新、于玲、裴小燕、胡健栋。 | |
| 330 | @a本书介绍了卫星移动通信基本知识和几种典型的商用卫星移动通信系统以及促进卫星移动通信进一步发展的新技术。 | |
| 461 | 0 | @12001 @a现代移动通信应用技术丛书 |
| 606 | 0 | @a卫星通信@x移动通信 |
| 606 | 0 | @a卫星通信 |
| 606 | 0 | @a移动通信 |
| 690 | @aTN927@v4 | |
| 701 | 0 | @a全庆一@Aquan qing yi@4编著 |
| 801 | 0 | @aCN@bRULIN@c20070517 |
| 905 | @dTN927@e39@s8 | |
| 卫星移动通信/全庆一等编著.-北京:北京邮电大学出版社,2000 |
| 187页;23cm.-(现代移动通信应用技术丛书) |
| ISBN 7-5635-0467-2:CNY21.00 |
| 本书介绍了卫星移动通信基本知识和几种典型的商用卫星移动通信系统以及促进卫星移动通信进一步发展的新技术。 |
| ● |
| 相关链接 |
|
|
|
|
正题名:卫星移动通信
索取号:TN927/39
 
预约/预借
| 序号 | 登录号 | 条形码 | 馆藏地/架位号 | 状态 | 备注 |
| 1 | 0575119 | 205751195 | 第二样本阅览室/ [索取号:TN927/39] | 在馆 | |
| 2 | 0575120 | 205751202 | 第三借阅区/ [索取号:TN927/39] | 在馆 | |
| 3 | 0575121 | 205751211 | 第三借阅区/ [索取号:TN927/39] | 在馆 | |
| 4 | 0575122 | 205751220 | 第三借阅区/ [索取号:TN927/39] | 在馆 | |
| 5 | 0575123 | 205751239 | 第三借阅区/ [索取号:TN927/39] | 在馆 | |
| 6 | 0575124 | 205751248 | 第三借阅区/ [索取号:TN927/39] | 在馆 | |
| 7 | 0575125 | 205751257 | 第三借阅区/ [索取号:TN927/39] | 在馆 | |
| 8 | 0575126 | 205751266 | 第三借阅区/ [索取号:TN927/39] | 在馆 |